Estudios sobre los moriscos

Salvato in:
Dettagli Bibliografici
Autore principale: Reglá Campistol, Juan (Autore)
Natura: Libro
Lingua:spagnolo
Pubblicazione: Barcelona, España Ariel 1974
Edizione:Tercera edición
Soggetti:
Tags: Aggiungi Tag
Nessun Tag, puoi essere il primo ad aggiungerne!!

MARC

LEADER 00000nam a2200000 a 4500
001 UCO1214
003 CL-VaPUC
005 20210521001543.0
008 000512e19740000SP |||||||||||||||||spa|d
999 |c 287843  |d 287841 
040 |c Pontificia Universidad Católica de Valparaíso 
082 0 4 |a 946.05 REG 1974  |2 21 
100 0 |a Reglá Campistol, Juan  |e author  |9 443120 
245 1 0 |a Estudios sobre los moriscos 
250 |a Tercera edición 
260 |a Barcelona, España  |b Ariel  |c 1974 
300 |a 257 páginas 
583 |a last modification  |c 20120906 03:59:08  |k Rodrigo Vera 
600 0 7 |a FELIPE II  |2 CL-VaPUC  |9 314006  |z ESPAÑA 
650 0 |a Historia de España  |9 315435 
650 7 |a MORISCOS  |2 CL-VaPUC  |9 268471  |z ESPAÑA 
852 |a BIBCUR 
942 |c BK  |2 ddc 
945 |d 20000512 00:00:00  |a rherrera 
952 |0 0  |1 0  |2 ddc  |4 0  |6 946_050000000000000_REG_1974  |7 0  |8 A  |9 334906  |a BIBHIS  |b BIBHIS  |d 2019-11-20  |i 1280333  |o 946.05 REG 1974  |p 1280333  |r 2025-01-20  |t 1  |w 2019-11-20  |y BK  |k HIS 
952 |0 0  |1 0  |2 ddc  |4 0  |6 946_050000000000000_REG_1974  |7 0  |8 A  |9 334907  |a BIBHIS  |b BIBHIS  |d 2019-11-20  |i 1280325  |o 946.05 REG 1974  |p 1280325  |r 2025-01-20  |t 2  |w 2019-11-20  |y BK  |k HIS 
952 |0 0  |1 0  |2 ddc  |4 0  |6 946_050000000000000_REG_1974  |7 0  |8 A  |9 334908  |a BIBHIS  |b BIBHIS  |d 2019-11-20  |i 3839931  |o 946.05 REG 1974  |p 3839931  |r 2025-01-20  |t 3  |w 2019-11-20  |y BK  |k HIS